<?xml version="1.0" encoding="UTF-8"?>
<record
    xmlns:xsi="http://www.w3.org/2001/XMLSchema-instance"
    xsi:schemaLocation="http://www.loc.gov/MARC21/slim http://www.loc.gov/standards/marcxml/schema/MARC21slim.xsd"
    xmlns="http://www.loc.gov/MARC21/slim">

  <leader>005640000a22001690004500</leader>
  <datafield tag="090" ind1=" " ind2=" ">
    <subfield code="a">SERIADAS</subfield>
  </datafield>
  <datafield tag="100" ind1="1" ind2=" ">
    <subfield code="a">Jaramillo Villa, Ursula</subfield>
    <subfield code="9">37481</subfield>
  </datafield>
  <datafield tag="700" ind1="1" ind2=" ">
    <subfield code="a">Jim&#xE9;nez Segura, Luz F.</subfield>
    <subfield code="9">100667</subfield>
  </datafield>
  <datafield tag="245" ind1="1" ind2="0">
    <subfield code="a">Algunos aspectos biol&#xF3;gicos de la poblaci&#xF3;n Prochilodus Magdalenae en las ci&#xE9;nagas de Tumarand&#xF3; (Rio Atrato), Colombia</subfield>
  </datafield>
  <datafield tag="044" ind1=" " ind2=" ">
    <subfield code="a">Colombia</subfield>
  </datafield>
  <datafield tag="041" ind1="0" ind2=" ">
    <subfield code="a">Espa&#xF1;ol</subfield>
  </datafield>
  <datafield tag="690" ind1=" " ind2=" ">
    <subfield code="a">Peces dulceacu&#xED;culas</subfield>
    <subfield code="9">100440</subfield>
  </datafield>
  <datafield tag="690" ind1=" " ind2=" ">
    <subfield code="a">Reproducci&#xF3;n</subfield>
    <subfield code="9">92800</subfield>
  </datafield>
  <datafield tag="651" ind1=" " ind2="4">
    <subfield code="d">Choc&#xF3;</subfield>
    <subfield code="9">92749</subfield>
  </datafield>
  <datafield tag="942" ind1=" " ind2=" ">
    <subfield code="c">ARTICULO</subfield>
  </datafield>
  <datafield tag="773" ind1="1" ind2=" ">
    <subfield code="t">Actualidades biol&#xF3;gicas</subfield>
    <subfield code="h">88</subfield>
    <subfield code="q">55-66</subfield>
    <subfield code="d">2008</subfield>
    <subfield code="g">30</subfield>
  </datafield>
  <datafield tag="999" ind1=" " ind2=" ">
    <subfield code="c">16361</subfield>
    <subfield code="d">16361</subfield>
  </datafield>
</record>
